Négocier les prochaines conventions TER à l’aide de comparaisons interrégionales (notice n° 1579283)

détails MARC
000 -LEADER
fixed length control field 01436cam a2200157 4500500
005 - DATE AND TIME OF LATEST TRANSACTION
control field 20251228045823.0
041 ## - LANGUAGE CODE
Language code of text/sound track or separate title fre
042 ## - AUTHENTICATION CODE
Authentication code dc
100 10 - MAIN ENTRY--PERSONAL NAME
Personal name Lévêque, Julien
Relator term author
245 00 - TITLE STATEMENT
Title Négocier les prochaines conventions TER à l’aide de comparaisons interrégionales
260 ## - PUBLICATION, DISTRIBUTION, ETC.
Date of publication, distribution, etc. 2005.<br/>
500 ## - GENERAL NOTE
General note 72
520 ## - SUMMARY, ETC.
Summary, etc. La première génération de conventions TER post-loi SRU arrive actuellement à son terme, avec une première série d’échéances en 2007. Les négociations qui vont prochainement s’engager seront l’occasion de corriger certains défauts des conventions initiales, de mieux répartir les responsabilités et les risques entre les partenaires, mais aussi de définir des niveaux de charges et des objectifs d’évolution de ces dernières. Les Régions disposent-elles de tous les outils et de toute l’information permettant d’aborder cette phase cruciale avec les meilleurs arguments, face à une SNCF qui de son côté a beaucoup appris ? Cet article propose des critères simples d’analyse comparée de l’efficience-coût pour positionner une région dans l’ensemble de ses consœurs et pour déterminer un potentiel d’évolution à la baisse ou au minimum de stabilisation des charges.
786 0# - DATA SOURCE ENTRY
Note Transports urbains | 108 | 2 | 2005-11-02 | p. 18-21 | 0397-6521
856 41 - ELECTRONIC LOCATION AND ACCESS
Uniform Resource Identifier <a href="https://stm.cairn.info/revue-transports-urbains-2005-2-page-18?lang=fr&redirect-ssocas=7080">https://stm.cairn.info/revue-transports-urbains-2005-2-page-18?lang=fr&redirect-ssocas=7080</a>

Pas d'exemplaire disponible.

PLUDOC

PLUDOC est la plateforme unique et centralisée de gestion des bibliothèques physiques et numériques de Guinée administré par le CEDUST. Elle est la plus grande base de données de ressources documentaires pour les Étudiants, Enseignants chercheurs et Chercheurs de Guinée.

Adresse

627 919 101/664 919 101

25 boulevard du commerce
Kaloum, Conakry, Guinée

Réseaux sociaux

Powered by Netsen Group @ 2025